EW 101: First Course in Electronic Warfare. (Record no. 298404)

000 -LEADER
fixed length control field 00301 a2200121 4500
001 - CONTROL NUMBER
control field 63331
082 ## - DEWEY DECIMAL CLASSIFICATION NUMBER
Classification number 623.043ADA
090 ## - LOCALLY ASSIGNED LC-TYPE CALL NUMBER (OCLC); LOCAL CALL NUMBER (RLIN)
-- 37375
-- 37375
100 ## - MAIN ENTRY--PERSONAL NAME
Personal name Adamy,David
245 ## - TITLE STATEMENT
Title EW 101: First Course in Electronic Warfare.
260 ## - PUBLICATION, DISTRIBUTION, ETC.
Place of publication, distribution, etc. Boston
Name of publisher, distributor, etc. Artech House, Boston
Date of publication, distribution, etc. 2004
300 ## - PHYSICAL DESCRIPTION
Extent xix,308p
942 ## - ADDED ENTRY ELEMENTS (KOHA)
Institution code [OBSOLETE] NUST-CAE
Call number prefix 623.043ADA
Holdings
Withdrawn status Lost status Damaged status Not for loan Collection code Permanent Location Current Location Date acquired Total Checkouts Full call number Barcode Date last seen Price effective from Koha item type
          College of Aeronautical Engineering (CAE) College of Aeronautical Engineering (CAE) 04/03/2017   623.043ADA CAEN-3368 04/05/2017 04/05/2017 Book
          College of Aeronautical Engineering (CAE) College of Aeronautical Engineering (CAE) 04/03/2017   623.043ADA CAEN-3872 04/05/2017 04/05/2017 Book
© 2023 Central Library, National University of Sciences and Technology. All Rights Reserved.